01148nam a2200313 i 4500003001000000005001700010007000300027008004100030020001800071040003500089041000800124043001200132084001100144100004400155245010600199250002200305264005300327300004700380336002700427337003300454338002800487500005500515521006200570650003600632650005100668650005100719650003000770700003400800CO-BoRNBP20250604154726.0ta141031s2007 ck a br 000 jdspa d a9789583007231 aCO-BoRNBPbspaerdacCO-BoRNBP0 aspa as-ck--- aC ESC11 aEscobar Giraldo, Octavio,d1962-eautor14aLas láminas más difíciles del álbumcOctavio Escobar Giraldo ; ilustrado por Giovanni Cabrera aPrimera edición 1aBogotá, ColombiabPanamericana Editorialc2007 a78 páginasbilustraciones a colorc23 cm atextobtxt2rdacontent asin mediaciónbn2rdamedia avolumenbnc2rdacarrier aIncluye datos biográficos del autor en la solapa1 aRecomendado para un público infantil mayor de 8 años.00aInfancia en la literatura2LEMB00aLiteratura infantil colombianaySiglo XX2LEMB00aCuentos infantiles colombianosySiglo XX2LEMB00aAutores colombianos2LEMB1 aCabrera, Giovannieilustrador